000 00747nam a22001817a 4500
999 _c371811
_d371811
008 201127b ||||| |||| 00| 0 eng d
040 _aDE-2950
_bger
_cDE-2950
_erda
041 _ager
245 _aPolnisches Institut entdeckt giftige Algen in der Oder.
_bFischsterben. Die Ursachen für das Wachstum sind noch ungeklärt. Inzwischen gibt es Vorwürfe gegen ein staatliches Bergwerk/
_cDietrich Schröder, Ulrich Thiessen
264 _c2022
653 _aFrankfurt (Oder)
653 _aFischsterben
773 _dFrankfurt (Oder) Märkisches Verlags- und Druckhaus GmbH & Co KG
_tMärkische Oderzeitung
_g33. Jahrgang (2022) Nr. 193 vom 19.08.2022, S. 1
942 _cA